Now let's talk about music /

Guardat en:
Dades bibliogràfiques
Autor principal: Merrick, Gordon (Autor)
Format: Llibre
Idioma:anglès
Publicat: Los Angeles ; New York : Alyson Books, 1997
Etiquetes: Afegir etiqueta
Sense etiquetes, Sigues el primer a etiquetar aquest registre!

MARC

LEADER 00000nam a22000007i 4500
001 IT\ICCU\UBO\2258328
003 ItRI
005 20260115231832.0
008 030728s1997 xxu|||||| ||||| |||||c
020 |a 1555832938 
040 |b ita  |c importazione bologna sebina 
041 7 |a eng  |2 ISO-639-2 
100 1 |a Merrick, Gordon  |0 IT\ICCU\TO0V\301136  |4 aut 
245 1 0 |a Now let's talk about music /  |c by Gordon Merrick. 
260 |a Los Angeles ;  |a New York :  |b Alyson Books,  |c 1997 
300 |a 392 p. ;  |c 22 cm. 
942 |2 ddc  |c BK  |n 0 
952 |0 0  |1 0  |4 0  |6 DOC_813_520000000000000_MER  |7 0  |9 13837  |a BO  |b BO  |d 2026-01-15  |i 7579  |l 0  |o DOC 813.52 MER  |p BO7579  |r 2026-01-15 23:18:32  |w 2026-01-15  |x [Sebina 5] [1 v.]  |y BK  |z 1 v. 
999 |c 11909  |d 11909